UBT Library

ADHD : (Record no. 43573)

000 -LEADER
fixed length control field 00876cam a22002537a 4500
001 - CONTROL NUMBER
control field 13172498
005 - DATE AND TIME OF LATEST TRANSACTION
control field 20180227053611.0
008 - FIXED-LENGTH DATA ELEMENTS--GENERAL INFORMATION
fixed length control field 030422s2004 nyua b 001 0 eng d
010 ## - LIBRARY OF CONGRESS CONTROL NUMBER
LC control number 2003106045
020 ## - INTERNATIONAL STANDARD BOOK NUMBER
International Standard Book Number 158110121X (pbk.)
035 ## - SYSTEM CONTROL NUMBER
System control number (DLC)13172498
040 ## - CATALOGING SOURCE
Original cataloging agency JAG
Transcribing agency JAG
Modifying agency FUH
-- DLC
041 ## - LANGUAGE CODE
Language code of text/sound track or separate title eng
042 ## - AUTHENTICATION CODE
Authentication code lccopycat
080 ## - UNIVERSAL DECIMAL CLASSIFICATION NUMBER
Universal Decimal Classification number 649.154 REI
082 00 - DEWEY DECIMAL CLASSIFICATION NUMBER
Classification number 649.154 REI
Edition number 22
100 1# - Rafti
Rafti 8
101 ## - Shkurtesa
Shkurtesa PED
245 10 - TITLE STATEMENT
Title ADHD :
Statement of responsibility, etc Michael I. Reiff, with Sherill Tippins.
504 ## - BIBLIOGRAPHY, ETC. NOTE
Bibliography, etc Includes bibliographical references (p. 333-339) and index.
906 ## - LOCAL DATA ELEMENT F, LDF (RLIN)
a 7
b cbc
c copycat
d 3
e ncip
f 20
g y-gencatlg
942 ## - ADDED ENTRY ELEMENTS (KOHA)
Source of classification or shelving scheme
Item type Books
Holdings
Withdrawn status Lost status Source of classification or shelving scheme Damaged status Not for loan Collection code Permanent location Current location Shelving location Date acquired Total Checkouts Full call number Barcode Date last seen Price effective from Koha item type
          Koleksioni i përgjithshem UBT - Lipjan UBT - Lipjan Koleksioni i përgjithshem 02/27/2018   649.154 REI 002-3000220 02/27/2018 02/27/2018 Books
UBT Library © 2015-2024. All rights reserved University Education for Business and Technology